000
00215 a2200097 4500
020
_a
9789353164799
100
_a
SHELLEY E. TAYLOR
245
_a
HEALTH PSYCHOLOGY
250
_a
10TH ED
260
_b
McGRAWHILL EDUCATION
999
_c
13069
_d
13069